LEADER 01262nam a2200265 u 4500 001 000000000672 003 CaOOAMICUS 005 20070226104228.0 008 940711s1966 enkaf u000 u eng u 020 $a0-264-66440-X 035 $a10012619 040 $aPUL(R)$bita 100 1 $aChitty, Derwas J.$0(OLS)http://pul/name/744 245 14$aThe desert a city :$ban introduction to the study of Egyptian and Palestinian monasticism under the Christian Empire /$cby Derwas J. Chitty. 260 $aOxford :$bBlackwell,$c1966. 300 $axvi, 222 p., [12] c. di tav. :$bill. ;$c22 cm 504 $aBibliografia: p. [216]-222. 650 4$aMonachismo e ordini religiosi$zPalestina.$0(OLS)http://pul/subject/730 650 4$aMonachismo e ordini religiosi$zEgitto.$0(OLS)http://pul/subject/731 850 $aPUL 852 $aPUL$W1$xSL Filosofia 1$y2$m133 B 29$j866$nBK-PRI$b $qStampati$B866$CPULBib$Z2$F866 $HPUL27673 $81 941 1 $a8 996 $6020$a0-264-66440-X$9(OLS)http://pul/number/905 996 $6245$aThe desert a city :$ban introduction to the study of Egyptian and Palestinian monasticism under the Christian Empire$9(OLS)http://pul/title/935 996 $6260$aOxford :$bBlackwell$9(OLS)http://pul/publisher/48259 LEADER 01092nam a2200265 u 4500 001 000000060047 003 CaOOAMICUS 005 20070226120852.0 008 010712s1965 gw a u000 u ger u 035 $a10897058 040 $aPUL(R)$bita 100 1 $aOverhage, Paul.$0(OLS)http://pul/name/12006 245 14$aDie Evolution des Lebendigen :$bdie Kausalität /$cPaul Overhage. 260 $aFreiburg :$bHerder,$cc1965. 300 $a280 p. :$bill. ;$c23 cm 490 1 $aQuaestiones disputatae ;$v26-27 504 $a"Literaturverzeichnis": p. 265-280. 650 4$aEvoluzione.$0(OLS)http://pul/subject/1620 830 0$aQuaestiones disputatae (Herder) ;$v26-27.$0(OLS)http://pul/title/18243 850 $aPUL 852 $aPUL$W1$xSL Religione 2$y84$mTheol A6 26-27$j78250$nBK-PRI$b $qStampati altre collocazioni$B78250$CPULBib$Z2$F78250 $H $81 941 1 $a10 961 $aINV: 29530 996 $6245$aDie Evolution des Lebendigen :$bdie Kausalität$9(OLS)http://pul/title/80298 996 $6260$aFreiburg :$bHerder$9(OLS)http://pul/publisher/48354